| 000 | 00409cam a2200169 4500 | ||
|---|---|---|---|
| 001 | D12331 | ||
| 008 | 090401t1927 xxu||||| |||| 00| 0 eng d | ||
| 035 | _a(Sirsi) u2677 | ||
| 041 | _aeng | ||
| 100 | _aCampbell, J.D. | ||
| 245 | _aImigration and settlement surveys 1926 | ||
| 260 |
_aDehra Dun _bSurvey of India Offices _c1927 |
||
| 350 | _a0 | ||
| 520 | _aShelf 177 | ||
| 942 | _n0 | ||
| 948 | _c04/03/1997 | ||
| 999 |
_c85799 _d85799 |
||